000
00342nam a2200145Ia 4500
008
191201s1974 xx 000 0 und d
082
_a
677.0287
_b
PAT
100
_a
PATEL, Amubhai
245
0
_a
Towards Zero Defects
250
_a
1st
260
_a
N.Delhi
_b
Meena Publisher
_c
1974
300
_a
274
650
_a
B.Tech(TE)
942
_2
ddc
_c
BK
999
_c
2282
_d
2282